000 00371nam a2200145Ia 4500
008 231129s1999||||xx |||||||||||||| ||spa||
020 _a968-444-280-7
040 _bspa
082 _a530 H611f
100 _aHewitt Paul G
245 0 _aFisica conceptual
260 _c1999
264 _aPearson Wesley Longman
942 _2ddc
_cBKS
999 _c14021
_d14021